000 00490nam a2200169 a 4500
001 000013139
005 20240306073902.0
008 091120s2004 dr a 000 0 spa d
020 _a9788482615661
040 _aDO-SdBNP
_bspa
_cBNPHU
082 _axxxx
_bC786
245 0 0 _aCoquín 4 años /
_cObdulia García de Escobar.
260 _aSanto Domingo :
_bSantillana,
_c2004.
300 _a264 p. :
_bil. ;
_c21 cm.
700 1 _aGarcía Escobar, Obdulia de
_edir. ed.
_929220
049 _aBNPD
999 _c12781
_d12781